The promise of time : (Record no. 92830)

MARC details
000 -LEADER
fixed length control field 00624nam a22001937a 4500
005 - DATE AND TIME OF LATEST TRANSACTION
control field 20150513153900.0
010 ## - LCCN (DPL NO)
LC control number ENG-112651
020 ## - INTERNATIONAL STANDARD BOOK NUMBER
International Standard Book Number 9788179860915
Terms of availability 695.00
035 ## - SYSTEM CONTROL NUMBER
System control number EN-96183
037 ## - SOURCE OF ACQUISITION
Source of stock number/acquisition DBAD/PUB
082 ## - DEWEY DECIMAL CLASSIFICATION NUMBER
Classification number 142.7
100 ## - MAIN ENTRY--PERSONAL NAME
Personal name Das, Saitya Brata
245 00 - TITLE STATEMENT
Title The promise of time :
Statement of responsibility, etc by Saitya Brata Das
Remainder of title towards a phenomenology of promise /
260 ## - PUBLICATION, DISTRIBUTION, ETC. (IMPRINT)
Place of publication, distribution, etc Shimla
Name of publisher, distributor, etc Indian Institute of Advanced Study
Date of publication, distribution, etc 2011
270 ## - ADDRESS
Address Rashtrapati Nivas
City Shimla
Postal code 171005
300 ## - PHYSICAL DESCRIPTION
Extent xix,419p.
Dimensions 23cm(Hb)
500 ## - GENERAL NOTE
General note Includes bibliographical references and index
942 ## - ADDED ENTRY ELEMENTS (KOHA)
Source of classification or shelving scheme Dewey Decimal Classification
Item type English Books
Call number suffix DAS
Classification part 142.7
Holdings
Withdrawn status Lost status Not for loan Collection code Home library Current library Date acquired Source of acquisition Cost, normal purchase price Full call number Barcode Copy number Cost, replacement price Koha item type
    Not For Loan Non-fiction D.B.Act.Division D.B.Act.Division 09/04/2015 DBAD/PUB 695.00 142.7 DAS EN-96183 1 695.00 English Books

© Delhi Public Library
Hit Counter
free hit counter